Pääkaupungit kirjaimittain - T - Statistics

Yleistilastot
  • Tätä visaa on pelattu 1 606 kertaa
  • Keskiarvotulos 8 / 12
Vastaustilastot
Valtio Pääkaupunki % Oikein
Ruotsi Tukholma
85%
Japani Tokio
78%
Viro Tallinna
76%
Albania Tirana
75%
Iran Teheran
70%
Tunisia Tunis
67%
Taiwan Taipei
65%
Georgia Tbilisi
59%
Uzbekistan Taškent
56%
Libya Tripoli
53%
Bhutan Thimphu
47%
Honduras Tegucigalpa
44%
Ehtoja vastaavia visoja ei löytynyt
Tulosjakauma
Jokaisen tuloksen saaneiden osuus
Persentiili vastausten määrän mukaan
Tuloshistoriasi
Et ole pelannut tätä visaa